[Event "chess.com Speed 2019"]
[Site "chess.com INT"]
[Date "2020.01.05"]
[Round "3.16"]
[White "Nepomniachtchi,I"]
[Black "Nakamura,Hi"]
[Result "1-0"]
[WhiteElo "2776"]
[BlackElo "2745"]

1.e4 e5 2.Nf3 Nc6 3.Bb5 Nf6 4.Nc3 Nd4 5.Bc4 Bc5 6.d3 d6 7.Na4 b5 8.Nxd4 bxc4
9.Nf5 Bxf5 10.exf5 cxd3 11.Nxc5 dxc5 12.cxd3 Qd7 13.Qf3 Rd8 14.O-O O-O 15.Be3 Qb5
16.b3 Rxd3 17.Rac1 e4 18.Qe2 Nd7 19.Qg4 Nf6 20.Qf4 Nd5 21.Qxe4 Nxe3 22.fxe3 Rd2
23.f6 Re8 24.Qg4 g6 25.Qg5 Qc6 26.e4 Rd6 27.e5  1-0

[Event "chess.com Speed 2019"]
[Site "chess.com INT"]
[Date "2020.01.05"]
[Round "3.2"]
[White "Nepomniachtchi,I"]
[Black "Nakamura,Hi"]
[Result "1-0"]
[WhiteElo "2776"]
[BlackElo "2745"]

1.e4 e5 2.Nf3 Nc6 3.Bc4 Bc5 4.O-O Nf6 5.d3 d6 6.c3 h6 7.Re1 O-O 8.h3 a5 9.Nbd2 Bb6
10.Bb5 Be6 11.Nc4 Ba7 12.d4 exd4 13.cxd4 d5 14.Bxc6 bxc6 15.Nxa5 dxe4 16.Nxc6 Qe8
17.Nfe5 Bb6 18.Bd2 Nd5 19.Bb4 f6 20.Bxf8 fxe5 21.Bxg7 Qg6 22.Bxe5 Bxh3 23.Bg3  1-0

[Event "chess.com Speed 2019"]
[Site "chess.com INT"]
[Date "2020.01.05"]
[Round "3.17"]
[White "Nakamura,Hi"]
[Black "Nepomniachtchi,I"]
[Result "1-0"]
[WhiteElo "2745"]
[BlackElo "2776"]

1.e4 c5 2.Nf3 d6 3.Nc3 Nf6 4.h3 a6 5.a4 e6 6.d4 cxd4 7.Nxd4 Be7 8.g4 h6 9.Bg2 Nc6
10.Nb3 O-O 11.a5 Rb8 12.Be3 Nd7 13.O-O b6 14.axb6 Nxb6 15.Qe2 Ne5 16.f4 Nec4
17.Bc1 Qc7 18.Rd1 Bf6 19.Kh1 Nxb2 20.Bxb2 Bxc3 21.Bxc3 Qxc3 22.Rxd6 Qc7 23.Rd3 Bd7
24.Qf2 Bb5 25.Rdd1 Rfd8 26.Nd4 Bc4 27.f5 e5 28.Nf3 Rxd1+ 29.Rxd1 a5 30.f6 a4
31.fxg7 Kxg7 32.g5 hxg5 33.Nxg5 f6 34.Nf3 Rh8 35.Rg1 Kf8 36.Nxe5 Qxe5 37.Qxb6 Be6
38.Qd8+ Kg7 39.Bf3+  1-0

[Event "chess.com Speed 2019"]
[Site "chess.com INT"]
[Date "2020.01.05"]
[Round "3.10"]
[White "Nepomniachtchi,I"]
[Black "Nakamura,Hi"]
[Result "0-1"]
[WhiteElo "2776"]
[BlackElo "2745"]

1.e4 e5 2.Nf3 Nc6 3.Bc4 Bc5 4.O-O Nf6 5.d3 d6 6.Re1 h6 7.c3 O-O 8.h3 a5 9.Nbd2 Bb6
10.Nf1 Be6 11.Bb5 Ne7 12.d4 exd4 13.cxd4 d5 14.e5 Ne4 15.Bd3 Nf5 16.Be3 c5
17.dxc5 Nxe3 18.Nxe3 Bxc5 19.Nd2 Nxd2 20.Qxd2 Bb4 21.Qe2 Bxe1 22.Rxe1 f5
23.f4 d4 24.Nc4 a4 25.a3 Ra6 26.Nd6 Rb6 27.Qf2 Rb3 28.Rd1 Qb6 29.Rd2 Qc5
30.Rc2 Qb6 31.Rd2 Qa5 32.Kh2 b5 33.Bb1 b4 34.Ba2 bxa3 35.bxa3 d3 36.Bxb3 axb3
37.Rxd3 Qxa3 38.Qb6 Qc1 39.Rd4 b2 40.Rb4 b1=Q 41.Rxb1 Qxf4+ 42.Kh1 Qxe5 43.Qb4 Bd5
44.Nb5 Rb8  0-1

[Event "chess.com Speed 2019"]
[Site "chess.com INT"]
[Date "2020.01.05"]
[Round "3.11"]
[White "Nakamura,Hi"]
[Black "Nepomniachtchi,I"]
[Result "1-0"]
[WhiteElo "2745"]
[BlackElo "2776"]

1.e4 c5 2.Nf3 d6 3.Bb5+ Nd7 4.Ba4 Nf6 5.O-O a6 6.d3 b5 7.Bb3 e6 8.c3 Bb7
9.Re1 Be7 10.Nbd2 O-O 11.Nf1 c4 12.dxc4 bxc4 13.Bc2 Nc5 14.Ng3 Nfd7 15.Qe2 Nb6
16.e5 Bxf3 17.Qxf3 dxe5 18.Rxe5 Nd3 19.Re2 Qd5 20.Qxd5 Nxd5 21.Bxd3 cxd3
22.Rd2 Nf4 23.Rd1 Ne2+ 24.Nxe2 dxe2 25.Re1 Rfd8 26.Be3 Rab8 27.Rxe2 e5 28.f3 f6
29.Kf1 Kf7 30.Ke1 h5 31.Rd1 Ke6 32.Rxd8 Bxd8 33.Kd1 g5 34.b4 Bc7 35.Kc2 g4
36.a4 Kf5 37.Kb3 h4 38.fxg4+ Kxg4 39.h3+ Kf5 40.c4 e4 41.b5 Ke6 42.Kb4 f5
43.c5 axb5 44.axb5 f4 45.Bc1 Kf5 46.Rf2 Kg5 47.Kc4 e3 48.Ra2 Kf5 49.c6 Ke4
50.Bb2 Rd8 51.Bc3 Rd3 52.Be1 Rd1 53.Bxh4 Rc1+ 54.Kb3 Kd3 55.Ra7 Rc3+ 56.Kb4 Rc4+
57.Kb3 Rc3+ 58.Kb2 Be5 59.Ra3 Kc4 60.Rxc3+ Bxc3+ 61.Kc2 Ba5 62.Be1 Bd8 63.h4 Kxb5
64.Kd3 Kxc6 65.Ke4 Kc5 66.Kxf4 Kd4 67.Kf3 Kd3 68.g4 e2 69.g5 Be7 70.g6 Bf8
71.h5 Bg7 72.Kg4 Bh6 73.Kf5 Bd2 74.Bh4 Bh6 75.Kf6 Ke4 76.g7  1-0

[Event "chess.com Speed 2019"]
[Site "chess.com INT"]
[Date "2020.01.05"]
[Round "3.25"]
[White "Nakamura,Hi"]
[Black "Nepomniachtchi,I"]
[Result "1-0"]
[WhiteElo "2745"]
[BlackElo "2776"]

1.Nf3 Nf6 2.b3 c5 3.Bb2 Nc6 4.e3 e6 5.d4 cxd4 6.Nxd4 Qc7 7.Nxc6 dxc6 8.Nd2 b6
9.c4 Bb7 10.Be2 c5 11.Bf3 Bd6 12.Bxb7 Qxb7 13.Qf3 Qxf3 14.gxf3 Ke7 15.f4 Rhd8
16.Ke2 g6 17.h4 h5 18.Nf3 Ng4 19.Ng5 Nh6 20.Ne4 Ng8 21.Rhg1 Ke8 22.Ng3 Be7
23.Nxh5 Bxh4 24.Rh1 Be7 25.Ng7+ Kd7 26.Rad1+ Kc6 27.Rdg1 Rd7 28.Nxe6 fxe6
29.Rxg6 Rad8 30.Bc3 Rd3 31.Rxe6+ Kb7 32.Bd4 cxd4 33.Kxd3 dxe3+ 34.Kxe3 Bc5+
35.Kf3 Rf8 36.Rh8 Bd4 37.Rh7+ Ka6 38.b4 Nf6 39.Rhe7 Bc3 40.a3 Ra8 41.Rf7 Ng8
42.Ke4 Bb2 43.Kd3 Bxa3 44.Kc3 Bc1 45.Re1  1-0

[Event "chess.com Speed 2019"]
[Site "chess.com INT"]
[Date "2020.01.05"]
[Round "3.32"]
[White "Nepomniachtchi,I"]
[Black "Nakamura,Hi"]
[Result "1/2-1/2"]
[WhiteElo "2776"]
[BlackElo "2745"]

1.e4 c6 2.Nf3 d5 3.Nc3 dxe4 4.Nxe4 Nf6 5.Qe2 Bf5 6.Nxf6+ gxf6 7.d3 e6 8.g3 Nd7
9.Bg2 Bd6 10.O-O Qc7 11.Bd2 O-O-O 12.b4 h5 13.a4 Bg4 14.h3 Bxf3 15.Qxf3 h4
16.g4 f5 17.gxf5 Rdg8 18.Kh1 Ne5 19.Qe4 exf5 20.Qxf5+ Kb8 21.b5 cxb5 22.axb5 Nd7
23.Be3 Bc5 24.b6 axb6 25.Bf4 Bd6 26.Bxd6 Qxd6 27.Qf3 Qc7 28.d4 Rg6 29.Ra3 Qc6
30.Qf4+ Qd6 31.Qf3 Qc6 32.d5 Qf6 33.Rfa1 Qxf3 34.Bxf3 Kc7 35.d6+ Rxd6 36.Re1 Nc5
37.Rae3 Re6 38.Bg4 Rxe3 39.Rxe3 Kd6 40.Rf3 Ke7 41.Re3+ Kf6 42.Rf3+ Kg7 43.Rf4 Rh6
44.Kg2 Rf6 45.Rb4 Kg6 46.Bf3 Kg5 47.Rg4+ Kf5 48.Rxh4 Rd6 49.Rb4 Kg6 50.h4 f6
51.Rg4+ Kh6 52.Rg8 Ne6 53.Kg3 f5 54.Rb8 Nd4 55.c3 Nb5 56.c4 Na3 57.Bd5 b5
58.Rh8+ Kg7 59.Rg8+ Kh7 60.Ra8 bxc4 61.Bxb7 c3 62.Rxa3 c2 63.Rc3 Rd3+ 64.Rxd3 c1=Q
65.Bf3 Qc7+ 66.Kg2 Qf4 67.h5 Kh6 68.Re3 Qd6 69.Re2 Kg5 70.Re3 Qa6 71.Re8 Qc4
72.Re7 Kf4 73.Rg7 Qc3 74.Rg3 Qf6 75.Rh3 Qg5+ 76.Rg3 Qh6 77.Rg6 Qh7 78.Rg3 Qh8
79.Rg6 Qe8 80.Rg3 Qe6 81.Rg6 Qd7 82.Rg3 Ke5 83.h6 Qh7 84.Rh3 Kf6 85.Kh1 Kg5
86.Rh5+ Kf4 87.Rh3 Kg5 88.Rh5+ Kg6 89.Rh3 Kf6 90.Rh5 Ke6 91.Rh3 Ke5 92.Rh5 Kf4
93.Rh3 Kg5  1/2-1/2

[Event "chess.com Speed 2019"]
[Site "chess.com INT"]
[Date "2020.01.05"]
[Round "3.31"]
[White "Nakamura,Hi"]
[Black "Nepomniachtchi,I"]
[Result "0-1"]
[WhiteElo "2745"]
[BlackElo "2776"]

1.e4 c5 2.Nc3 Nc6 3.f4 g6 4.Nf3 Bg7 5.Bc4 e6 6.f5 Nge7 7.fxe6 fxe6 8.O-O O-O
9.d3 a6 10.a4 d5 11.Bb3 h6 12.Qe1 c4 13.dxc4 dxc4 14.Bxc4 Rxf3 15.Bxe6+ Bxe6
16.Rxf3 Nd4 17.Rf2 Nec6 18.Be3 Qe7 19.Nd5 Bxd5 20.exd5 Nb4 21.Bd2 Qxe1+ 22.Rxe1 Nxd5
23.c3 Nc6 24.Re6 Kh7 25.Rd6 Nb6 26.Rf7 Rb8 27.Be3 Nc4 28.Rdd7 Rg8 29.Bd4 N4e5
30.Bxe5 Nxe5 31.Rxb7 Nxf7 32.Rxf7 Rb8 33.Rf2 g5 34.Rd2 Kg6 35.Kf2 Be5 36.g3 Kf5
37.Ke3 Re8 38.Kd3 Rd8+ 39.Ke2 Rxd2+ 40.Kxd2 Ke4 41.Ke2 g4 42.Kd2 Kf3 43.Kd3 Kg2
44.Ke4 Bb8 45.b4 Kxh2 46.c4 Kxg3 47.b5 axb5 48.axb5 Kh2 49.c5 g3 50.b6 g2
51.c6 g1=Q 52.c7 Bxc7 53.bxc7 Qc5 54.Kd3 Qxc7 55.Ke4 Qf7 56.Ke3 Kg3 57.Kd4 h5
58.Kd3 h4 59.Kd4 h3 60.Ke3 h2 61.Kd4 h1=Q 62.Kc3 Qhd5 63.Kb4 Qfb7+  0-1

[Event "chess.com Speed 2019"]
[Site "chess.com INT"]
[Date "2020.01.05"]
[Round "3.30"]
[White "Nepomniachtchi,I"]
[Black "Nakamura,Hi"]
[Result "1-0"]
[WhiteElo "2776"]
[BlackElo "2745"]

1.e4 c6 2.Nf3 d5 3.Nc3 dxe4 4.Nxe4 Nf6 5.Qe2 Bf5 6.Nxf6+ gxf6 7.d3 Nd7 8.g3 e6
9.Bg2 h5 10.Nh4 Bh7 11.O-O Be7 12.Bd2 f5 13.Nf3 Bf6 14.Bc3 h4 15.Nxh4 f4
16.Rae1 Bxc3 17.bxc3 Qf6 18.c4 O-O-O 19.Qd2 Rhg8 20.Qa5 a6 21.Rb1 Rg5 22.Qb4 Nc5
23.Qb6 Rdg8 24.Nf3 Rh5 25.d4 Bxc2 26.dxc5 Bxb1 27.Rxb1 Qe7 28.Nd4 Qc7 29.Qa7 fxg3
30.hxg3 Rd8 31.Nxc6 bxc6 32.Qxa6+  1-0

[Event "PRO League Group Stage"]
[Site "chess.com INT"]
[Date "2020.01.06"]
[Round "1"]
[White "Dominguez Perez,L"]
[Black "Nakamura,Hi"]
[Result "0-1"]
[WhiteElo "2758"]
[BlackElo "2736"]

1.e4 e5 2.Nf3 Nc6 3.Bc4 Bc5 4.c3 Nf6 5.d3 d6 6.Nbd2 a5 7.O-O O-O 8.h3 h6
9.Re1 Bb6 10.Bb3 Be6 11.Bc2 Re8 12.Nf1 d5 13.exd5 Qxd5 14.Ng3 Qd6 15.Nd2 Rad8
16.Qf3 Qd7 17.a4 Nh7 18.Nc4 Ba7 19.Be3 Bxe3 20.Rxe3 f6 21.Rae1 Ng5 22.Qe2 Bf7
23.h4 Ne6 24.Qg4 Nf4 25.Qxd7 Rxd7 26.Na3 Red8 27.Rd1 Bg6 28.Ne4 Bxe4 29.Rxe4 Nxd3
30.Re2 Nf4 31.Ree1 Kf8 32.g3 Nd3 33.Bxd3 Rxd3 34.Rxd3 Rxd3 35.Nc4 h5 36.Kf1 b6
37.Ke2 Rd7 38.Rb1 Ke7 39.Ne3 Ke6 40.f3 g6 41.Rg1 Ne7 42.Rb1 Rd8 43.Rc1 Nc8
44.Rb1 Nd6 45.Rd1 Nb7 46.Ra1 Nc5 47.b4 axb4 48.cxb4 Nb3 49.Ra3 Nc1+ 50.Kf2 Nd3+
51.Ke2 Nxb4 52.a5 Ra8 53.Rc3 bxa5 54.Rxc7 a4 55.Rc4 Rb8 56.Rc5 a3 57.Ra5 a2
58.Nd1 Rc8  0-1

[Event "PRO League Group Stage"]
[Site "chess.com INT"]
[Date "2020.01.06"]
[Round "1"]
[White "Nakamura,Hi"]
[Black "So,W"]
[Result "0-1"]
[WhiteElo "2736"]
[BlackElo "2765"]

1.e4 e5 2.Nc3 Nf6 3.g3 d5 4.exd5 Nxd5 5.Bg2 Nxc3 6.bxc3 Nc6 7.Nf3 Bc5 8.O-O O-O
9.Re1 h6 10.Rb1 Bb6 11.d3 Re8 12.Be3 Ba5 13.Bd2 Bb6 14.a4 Bf5 15.Be3 e4 16.Nh4 Bh7
17.dxe4 Qxd1 18.Rbxd1 Bxe4 19.Bxb6 Bxg2 20.Rxe8+ Rxe8 21.Bxc7 Be4 22.Re1 Re7
23.Bd6 Re6 24.Bc7 Kf8 25.Re2 g5 26.Ng2 Ke8 27.Rd2 Bxg2 28.Kxg2 Re7 29.Bd6 Re4
30.f4 g4 31.h3 h5 32.Rd5 Re2+ 33.Kf1 Rxc2 34.Rxh5 gxh3 35.Rxh3 Rxc3 36.Kf2 Rc4
37.Rh8+ Kd7 38.Bf8 Rxa4 39.Rh7 Ke8 40.Rh8 b5 41.Ke3 Kd7 42.Rh7 Nd8 43.g4 b4
44.Bg7 b3 45.Bf6 a5 46.g5 Ke6 47.Rh6 Nc6 48.Bb2+ Kd5 49.Rh5 Re4+ 50.Kd2 Kc4
51.f5 Nd4 52.Rh3 Re2+ 53.Kc1 Re1+ 54.Kd2 Re2+ 55.Kc1 Nxf5 56.Rc3+ Kb4 57.Rf3 Ne3
58.Rxf7 Nc4 59.Rb7+ Ka4  0-1

[Event "PRO League Group Stage"]
[Site "chess.com INT"]
[Date "2020.01.06"]
[Round "1"]
[White "Nakamura,Hi"]
[Black "Caruana,F"]
[Result "0-1"]
[WhiteElo "2736"]
[BlackElo "2822"]

1.e4 e5 2.Nc3 Nc6 3.Bc4 Nf6 4.d3 Na5 5.Nge2 Bc5 6.Ng3 d6 7.h3 h6 8.Qf3 Nxc4
9.dxc4 Be6 10.b3 O-O 11.Bb2 Nh7 12.Qd3 Qh4 13.Na4 Bb4+ 14.Bc3 Ba3 15.Bd2 a5
16.O-O Ng5 17.f4 Nh7 18.Rf3 b6 19.Raf1 Rad8 20.Nc3 Bc5+ 21.Kh2 c6 22.f5 Bc8
23.f6 g6 24.Be1 Qg5 25.Bd2 Qh4 26.Be1 Ng5 27.Nf5 Nxf3+ 28.Rxf3 Qxe1 29.Rf1 Qxf1
30.Ne7+ Kh7 31.Qxf1 Bd7 32.Na4 Be3 33.Qd3 Bg5 34.Nxb6 Bxf6 35.Nxd7 Rxd7 36.Nxc6 Bg5
37.h4 Bxh4 38.Qh3 Rc7 39.Qxh4 Rxc6 40.Qe7 Kg7 41.Qa7 Rcc8 42.Qb6 Rcd8 43.a4 f5
44.Qc7+ Kf6 45.Qxa5 fxe4 46.Qe1 d5 47.c5 Kf5 48.c6 d4 49.g4+ Kxg4 50.Qxe4+ Kh5
51.Qxe5+ g5 52.Qe2+ g4 53.Kg3 Rf3+ 54.Kg2 Re3 55.Qf1 Rde8 56.Qf7+ Kh4 57.Qf6+ Kh5
58.Qf5+ Kh4 59.Qf2+ Kg5 60.Qd2 Kh5 61.Qxd4 Re2+ 62.Kg1 Re1+ 63.Kf2 R1e2+
64.Kg1 Rxc2 65.Qd1 Rc3 66.Qd7 Re5 67.c7 Rc1+ 68.Kf2 Rc2+ 69.Kg3 Re3+ 70.Kf4 Rf3+
71.Ke5 Re2+ 72.Kd6 Rd3+ 73.Kc6 Rc2+  0-1

[Event "PRO League Group Stage"]
[Site "chess.com INT"]
[Date "2020.01.20"]
[Round "3"]
[White "Nakamura,Hi"]
[Black "Roberson,P"]
[Result "1-0"]
[WhiteElo "2736"]
[BlackElo "2435"]

1.Nf3 Nf6 2.b3 d5 3.Bb2 e6 4.g3 Be7 5.c4 O-O 6.Bg2 c5 7.cxd5 Nxd5 8.Nc3 Nxc3
9.Bxc3 Nc6 10.O-O Bf6 11.Rc1 Bxc3 12.Rxc3 Qd6 13.Qc2 Nb4 14.Qb1 h6 15.Rfc1 Na6
16.d3 Rb8 17.Rd1 e5 18.Nd2 b6 19.Nc4 Qe7 20.Ne3 Nc7 21.Rdc1 Nb5 22.Rc4 Nd4
23.Qb2 Ba6 24.R4c3 Bb7 25.Bxb7 Rxb7 26.b4 cxb4 27.Nd5 Qe6 28.Nxb4 Rd8 29.Nc6 Nxc6
30.Rxc6 Qe7 31.f3 Rbd7 32.Kf2 Rd6 33.Rc8 g6 34.R1c7 Qf6 35.Rxd8+ Qxd8 36.Rxa7 h5
37.Qxe5 Rd5 38.Qe7 Qxe7 39.Rxe7 Ra5 40.Rb7  1-0

[Event "PRO League Group Stage"]
[Site "chess.com INT"]
[Date "2020.01.20"]
[Round "3"]
[White "Nakamura,Hi"]
[Black "Palliser,R"]
[Result "1-0"]
[WhiteElo "2736"]
[BlackElo "2399"]

1.Nf3 c5 2.b3 d6 3.e4 Nf6 4.e5 dxe5 5.Nxe5 g6 6.Bb2 Bg7 7.Bb5+ Nbd7 8.Bxd7+ Bxd7
9.O-O O-O 10.Re1 Be6 11.d3 Qc7 12.Nd2 b6 13.Ndf3 Bd5 14.d4 cxd4 15.Nxd4 Rad8
16.Qe2 Rfe8 17.Rad1 Qb7 18.f3 Qc7 19.c4 Bb7 20.Nxf7 Kxf7 21.Ne6 Rxd1 22.Nxc7 Rxe1+
23.Qxe1 Rc8 24.Qe6+ Kf8 25.Nd5 Bxd5 26.Qxc8+  1-0

[Event "PRO League Group Stage"]
[Site "chess.com INT"]
[Date "2020.01.20"]
[Round "3"]
[White "Haydon,D"]
[Black "Nakamura,Hi"]
[Result "0-1"]
[WhiteElo "2294"]
[BlackElo "2736"]

1.Nf3 d5 2.e3 c6 3.b3 Bf5 4.Bb2 e6 5.c4 Nd7 6.Nc3 h6 7.d4 Ngf6 8.Bd3 Bxd3
9.Qxd3 Bb4 10.Nd2 O-O 11.O-O Qe7 12.a3 Bxc3 13.Bxc3 Rfd8 14.e4 dxc4 15.bxc4 e5
16.d5 Rac8 17.Bb4 Qe8 18.Rab1 b6 19.a4 cxd5 20.cxd5 Nc5 21.Bxc5 Rxc5 22.Rb5 Rdc8
23.Rxc5 Rxc5 24.Nb3 Rc7 25.a5 Qa4 26.axb6 axb6 27.Nd2 Qc2 28.Qxc2 Rxc2 29.Nf3 Nxe4
30.Nxe5 b5 31.Nc6 Rd2 32.Re1 Nc3 33.h3 Nxd5 34.Rb1 Nc7 35.Na7 Rd5 36.Rc1 Ne6
37.Rc8+ Kh7 38.Rb8 Nd4 39.Rb7 Kg6 40.Rb6+ f6 41.Nc8 Rc5 42.Nd6 h5 43.Kh2 h4
44.Rb7 Rd5 45.Ne4 Ne2 46.g3 hxg3+ 47.fxg3 Rd4 48.Nc5 Rd2 49.Ne4 Rb2 50.Kh1 b4
51.g4 b3 52.Nc5 Nd4 53.Nd3 Rd2 54.Nc5 Nf3  0-1

[Event "PRO League Group Stage"]
[Site "chess.com INT"]
[Date "2020.01.27"]
[Round "4"]
[White "Tang,Andrew"]
[Black "Nakamura,Hi"]
[Result "1-0"]
[WhiteElo "2521"]
[BlackElo "2736"]

1.d4 d5 2.Nf3 Nf6 3.Bf4 c5 4.e3 e6 5.Nbd2 Bd6 6.c3 Qc7 7.Bxd6 Qxd6 8.Ne5 O-O
9.Bd3 b6 10.Qe2 a5 11.O-O Ba6 12.Bxa6 Nxa6 13.f4 a4 14.Rf3 a3 15.b3 Nc7 16.Rh3 Rac8
17.g4 Nd7 18.g5 g6 19.Qg4 h5 20.gxh6 Nf6 21.h7+ Kh8 22.Qg5 Nce8 23.Kh1 Ne4
24.Nxe4 dxe4 25.Rg1 Ng7 26.Qf6 Qd8 27.Nxf7+ Rxf7 28.Qxf7 cxd4 29.Qxg6 Rc7
30.cxd4 Qc8  1-0

[Event "PRO League Group Stage"]
[Site "chess.com INT"]
[Date "2020.01.27"]
[Round "4"]
[White "Nakamura,Hi"]
[Black "Bruzon Batista,L"]
[Result "1-0"]
[WhiteElo "2736"]
[BlackElo "2640"]

1.Nf3 Nf6 2.g3 d5 3.Bg2 e6 4.d3 Be7 5.Nbd2 O-O 6.e4 a5 7.O-O a4 8.a3 dxe4
9.dxe4 Nfd7 10.e5 Nc6 11.Qe2 b6 12.Rd1 Bb7 13.Ne4 Qc8 14.Bf4 Rd8 15.h4 h6
16.g4 Nf8 17.h5 Ra5 18.g5 hxg5 19.Nexg5 Rad5 20.Rxd5 Rxd5 21.Ne4 Nd4 22.Nxd4 Rxd4
23.c3 Rd7 24.Qg4 Nh7 25.Bh6 Qf8 26.Re1 Kh8 27.Bf4 Qd8 28.Kh2 Ba8 29.Re3 Bxe4
30.Bxe4 f5 31.exf6 Nxf6 32.Qxe6 Bd6 33.Qf5 Bxf4+ 34.Qxf4 Rd2 35.Kg2 Nd5 36.Bxd5 Qxd5+
37.Kg3 Qxh5 38.Re5 Rd3+ 39.Re3 Rxe3+ 40.fxe3 Qg6+ 41.Kf3 Qc6+ 42.e4 Kg8 43.Qf5 Qc4
44.Ke3 Qc5+ 45.Kd3 Qxf5 46.exf5 Kf7 47.Ke4 Kf6 48.c4 c6 49.Kf4 b5 50.c5 Ke7
51.Ke5 Kd7 52.f6 gxf6+ 53.Kxf6  1-0

[Event "PRO League Group Stage"]
[Site "chess.com INT"]
[Date "2020.01.27"]
[Round "4"]
[White "Nakamura,Hi"]
[Black "Robson,R"]
[Result "1-0"]
[WhiteElo "2736"]
[BlackElo "2673"]

1.Nf3 d5 2.e3 Nf6 3.b3 Bf5 4.Bb2 e6 5.Nh4 Bg4 6.Be2 Bxe2 7.Qxe2 Be7 8.O-O O-O
9.c4 c5 10.Nf3 Nc6 11.Rd1 d4 12.exd4 cxd4 13.d3 Qb6 14.Nbd2 Rfd8 15.Ne5 Nxe5
16.Qxe5 a5 17.Nf3 Bc5 18.Rab1 Nd7 19.Qe4 Nf6 20.Qe5 Nd7 21.Qe2 Nb8 22.Ng5 h6
23.Ne4 Nc6 24.Bc1 Be7 25.Bd2 Qc7 26.Re1 Qd7 27.f4 Rab8 28.a4 Re8 29.Rf1 f5
30.Ng3 g6 31.Rfe1 Bd6 32.Qf3 Kg7 33.Ne2 Re7 34.Kh1 Rbe8 35.Qf2 Bc5 36.Bxa5 e5
37.fxe5 Nxa5 38.b4 Rxe5 39.bxc5 Qe7 40.Qxd4 Nc6 41.Qc3 Kg8 42.Rb2 Qxc5 43.Rxb7 Qf2
44.Rg1 Qxe2 45.Rb6 R5e6 46.d4 Nd8 47.a5 f4 48.d5 Rxb6 49.axb6 Qf2 50.c5 f3
51.gxf3 Kh7 52.Qf6 g5 53.Qf5+ Kg7 54.Qg4 Re2 55.Qg3 Qxc5 56.Qc7+ Qe7 57.d6 Qf7
58.Rf1 Kg6 59.d7 Ne6 60.d8=Q Nxd8 61.Qxd8 Qe6 62.Qd3+ Kh5 63.Rb1 Qe5 64.f4 gxf4
65.Qh3+ Kg6 66.Rg1+ Kh7 67.Qd7+ Qe7 68.Qf5+ Kh8 69.Qc8+ Qe8 70.b7 Kh7 71.Qf5+ Kh8
72.Qf6+ Kh7 73.Qg7+  1-0

[Event "PRO League Group Stage"]
[Site "chess.com INT"]
[Date "2020.01.27"]
[Round "4"]
[White "Nyzhnyk,I"]
[Black "Nakamura,Hi"]
[Result "1/2-1/2"]
[WhiteElo "2662"]
[BlackElo "2736"]

1.d4 d5 2.c4 dxc4 3.e4 Nf6 4.e5 Nd5 5.Bxc4 Nb6 6.Bd3 Nc6 7.Ne2 Bg4 8.f3 Bh5
9.Nbc3 Qd7 10.Be4 e6 11.O-O Bg6 12.Be3 O-O-O 13.Rc1 Kb8 14.Bf2 Be7 15.a4 Nb4
16.a5 N6d5 17.Qb3 a6 18.Rfd1 Bf5 19.Nxd5 Nxd5 20.Nc3 c6 21.Nxd5 cxd5 22.Bxf5 exf5
23.Bg3 Qe6 24.Be1 Rc8 25.Bb4 Bxb4 26.Qxb4 f6 27.f4 g5 28.Qd2 fxe5 29.dxe5 Rxc1
30.Rxc1 gxf4 31.Qxf4 Re8 32.g3 Ka8 33.b4 Qxe5 34.Rc8+ Ka7 35.Qf2+ d4 36.Rxe8 Qxe8
37.Qxd4+ Ka8 38.Kf2 Qc6 39.h4 Qc1 40.Qd8+ Ka7 41.Qb6+ Ka8 42.Qd4 h6 43.Qd6 Qc2+
44.Ke3 Qe4+ 45.Kd2 h5 46.Kc3 Qe3+ 47.Qd3 Qe5+ 48.Kc4 Qb5+ 49.Kc3 Qe5+ 50.Kb3 f4
51.gxf4 Qxf4 52.Qd8+ Ka7 53.Ka4 Qe3 54.Qd5 Qe8+ 55.Kb3 Qg6 56.Qd4+ Ka8 57.Kc4 Qe6+
58.Qd5 Qe2+ 59.Qd3 Qe6+ 60.Qd5  1/2-1/2

[Event "PRO League Group Stage"]
[Site "chess.com INT"]
[Date "2020.02.10"]
[Round "6"]
[White "Nakamura,Hi"]
[Black "Oparin,G"]
[Result "1/2-1/2"]
[WhiteElo "2736"]
[BlackElo "2652"]

1.Nf3 Nf6 2.b3 d5 3.Bb2 e6 4.g3 b6 5.Bg2 Bb7 6.O-O Be7 7.c4 O-O 8.cxd5 Nxd5
9.d4 Nd7 10.Nbd2 c5 11.Nc4 Rc8 12.Rc1 N5f6 13.e3 b5 14.Nce5 Nxe5 15.Nxe5 Bxg2
16.Kxg2 Qd5+ 17.Qf3 c4 18.bxc4 bxc4 19.Rc2 Rc7 20.Re1 Ne4 21.Nxc4 Rxc4 22.Rxc4 Qxc4
23.Qxe4 Qxa2 24.Qb7 Ba3 25.Bxa3 Qxa3 26.Rb1 g6 27.Rb5 Qa2 28.h4 h5 29.Rc5 a6
30.Qc7 Qb1 31.Qc6 Rb8 32.Ra5 Qe1 33.Ra2 Rb1 34.Kh3 a5 35.Qe4 Qf1+ 36.Qg2 Qd1
37.Rxa5 Rb2 38.d5 Qe1 39.Ra8+ Kg7 40.dxe6 Rxf2 41.exf7 Rxf7 42.Qb2+ Rf6 43.Qb7+ Rf7
44.Qb2+ Rf6 45.Ra7+ Kh6 46.Ra1 Qf2 47.Qe5 Qf5+ 48.Qxf5 Rxf5 49.Kg2 Rb5 50.Ra7 g5
51.Ra6+ Kg7 52.hxg5 Rxg5 53.Kf2 Rf5+ 54.Kg2 Rg5 55.Ra4 Kg6 56.Kf3 Rf5+ 57.Rf4 Rb5
58.Rf8 Rb1 59.Ra8 Rf1+ 60.Ke2 Rb1 61.Kf3 Rf1+ 62.Ke4 Rg1 63.Ra6+ Kg5 64.Kf3 Rf1+
65.Kg2 Rb1 66.Ra5+ Kg4 67.Ra4+ Kg5 68.Re4 Kf5 69.Re8 Kg4 70.Rg8+ Kf5 71.Kf3 Rf1+
72.Ke2 Ra1 73.Kf2 Rb1 74.Ra8 Kg4 75.Ra4+ Kf5 76.Rf4+ Kg5 77.e4 Rb2+ 78.Kf1 Rb3
79.Kf2 Rb2+ 80.Ke3 Rb3+ 81.Kd4 Rxg3 82.Rf8 h4 83.e5 Rg4+ 84.Kd5 h3 85.Rg8+ Kf4
86.Rh8 Kg3 87.e6 Rg7 88.Kd6 h2 89.e7 Rxe7 90.Kxe7 Kg2 91.Rxh2+ Kxh2  1/2-1/2

[Event "PRO League Group Stage"]
[Site "chess.com INT"]
[Date "2020.02.10"]
[Round "6"]
[White "Swiercz,D"]
[Black "Nakamura,Hi"]
[Result "1-0"]
[WhiteElo "2649"]
[BlackElo "2736"]

1.e4 e5 2.Nf3 Nc6 3.Bb5 Nf6 4.O-O Nxe4 5.Re1 Nd6 6.Nxe5 Be7 7.Bf1 Nxe5 8.Rxe5 O-O
9.d4 Ne8 10.d5 d6 11.Re1 Bg5 12.Nc3 Bxc1 13.Rxc1 Bf5 14.Qd4 Nf6 15.h3 h6
16.Bd3 Bxd3 17.cxd3 a6 18.Re3 Re8 19.Ne4 Nd7 20.Rg3 f6 21.Re3 a5 22.Ng3 Nc5
23.Nf5 Rxe3 24.fxe3 h5 25.Rf1 Qd7 26.e4 Rf8 27.Qe3 g6 28.Nh4 Qg7 29.d4 Nd7
30.Rf3 g5 31.Nf5 Qh7 32.Qc3 Nb6 33.Qxa5 Re8 34.Nxd6 Ra8 35.Qb5 Qe7 36.e5 fxe5
37.Nf5 Qe8 38.Qe2 Nxd5 39.dxe5 Nf4 40.Qc4+ Kh8 41.Qxc7 Qg6 42.Ne7 Qe6 43.Qd6 Ra6
44.Qd8+ Kg7 45.h4 Qb6+ 46.Qxb6 Rxb6 47.hxg5 Ne2+ 48.Kh2 Re6 49.Nf5+ Kg6 50.Re3 Nf4
51.Nd4 Re7 52.e6 Kxg5 53.a4 Kf6 54.a5 h4 55.b4 Rg7 56.Kh1 Nd5 57.Rf3+ Ke5
58.Nf5 Rg8 59.e7 Re8 60.b5 Nf4 61.Nxh4 Ke4 62.a6 bxa6 63.bxa6 Nd5 64.Ng6 Nxe7
65.Nxe7 Rxe7 66.Ra3 Ra7 67.Kh2 Kf4 68.Ra4+ Ke3 69.g3 Kd3 70.Kg2 Kc3 71.g4 Kb3
72.Ra5 Kb2 73.Kg3 Kb3 74.g5  1-0

[Event "PRO League Group Stage"]
[Site "chess.com INT"]
[Date "2020.02.10"]
[Round "6"]
[White "Nakamura,Hi"]
[Black "Sarana,A"]
[Result "1/2-1/2"]
[WhiteElo "2736"]
[BlackElo "2656"]

1.e4 c5 2.Nf3 d6 3.Nc3 a6 4.h3 b5 5.d4 cxd4 6.Nxd4 Nf6 7.g4 Bb7 8.Bg2 Nc6
9.g5 Nd7 10.f4 Nxd4 11.Qxd4 e5 12.Qf2 Rc8 13.O-O Be7 14.h4 exf4 15.Bxf4 O-O
16.Rad1 Qa5 17.Bh3 Qc7 18.Nd5 Bxd5 19.Rxd5 Rcd8 20.h5 Ne5 21.Rfd1 g6 22.c3 Qc4
23.Bg2 Qxa2 24.Qa7 Rd7 25.Qd4 Qxb2 26.Bxe5 dxe5 27.Qxe5 Bc5+ 28.Kh2 Re7 29.Qg3 Qf2
30.h6 Qxg3+ 31.Kxg3 Rc7 32.Rd7 Rxd7 33.Rxd7 Be3 34.Kg4 Rc8 35.Rd3 Bc5 36.e5 Kf8
37.Rd7 Be7 38.Bd5 Rxc3 39.Ra7 Rc8 40.Kf4 Rd8 41.Ke4 b4 42.Bb3 a5 43.e6 fxe6
44.Bxe6 Rb8 45.Bb3 a4 46.Rxa4 Bxg5 47.Ra7 Be7 48.Ra1 Bf6 49.Ra7 Be7 50.Ra1 Ke8
51.Bg8 Bg5 52.Bxh7 Bxh6 53.Bxg6+ Ke7 54.Ra7+ Kf6 55.Ra6+ Kg5 56.Kd4 b3 57.Bb1 b2
58.Kc4 Kh5 59.Ra5+ Kh4 60.Rb5 Rc8+ 61.Rc5 Re8 62.Kb3 Bg7 63.Rc7 Bf6 64.Rc6 Kg5
65.Rc5+ Kg4 66.Rc6 Bh8 67.Rh6 Rb8+ 68.Kc2 Be5 69.Rc6 Kf4 70.Rc4+ Ke3 71.Rc5 Kd4
72.Rc6 Kd5 73.Rh6 Rc8+ 74.Kb3 Rc3+ 75.Ka2 Rg3 76.Ra6 Bc3 77.Ra4 Kc5 78.Ra3 Kb4
79.Rb3+ Kc4 80.Rb8 Be5 81.Re8 Bd4 82.Rc8+ Kb4 83.Rb8+ Kc4 84.Rc8+ Kb4 85.Rb8+ Kc4
86.Rd8 Bf6 87.Rc8+ Kb4 88.Rb8+ Kc5 89.Rf8 Bg7 90.Rf7 Be5 91.Rf5 Kd5 92.Rh5 Kd6
93.Rh6+ Kc5 94.Rh5 Kd6 95.Rh4 Bc3 96.Rc4 Kd5 97.Ra4 Kc5 98.Rh4 Bd4 99.Rh7 Kb4
100.Rb7+ Ka4 101.Bc2+ Ka5 102.Rd7 Bc3 103.Ra7+ Kb5 104.Rb7+ Kc6 105.Be4+ Kc5
106.Bc2 Be5 107.Rb3 Rg1  1/2-1/2

[Event "PRO League Group Stage"]
[Site "chess.com INT"]
[Date "2020.02.10"]
[Round "6"]
[White "Naroditsky,D"]
[Black "Nakamura,Hi"]
[Result "1/2-1/2"]
[WhiteElo "2621"]
[BlackElo "2736"]

1.e4 e5 2.Nf3 Nc6 3.Bb5 Nf6 4.O-O Nxe4 5.Re1 Nd6 6.Nxe5 Be7 7.Bf1 Nxe5 8.Rxe5 O-O
9.Nc3 Ne8 10.Nd5 Bd6 11.Re1 c6 12.Ne3 Be7 13.d4 d5 14.Bd3 g6 15.Ng4 Ng7 16.Qf3 Kh8
17.Ne5 Be6 18.c3 Bg5 19.Qg3 Bxc1 20.Raxc1 Nh5 21.Qe3 Qf6 22.g3 Rae8 23.Qh6 Qg7
24.Qxg7+ Nxg7 25.Kg2 f6 26.Nf3 Kg8 27.Re2 Bg4 28.Rce1 Bxf3+ 29.Kxf3 Rxe2
30.Rxe2 Kf7 31.h4 Ne6 32.Bc2 b5 33.Re1 Rb8 34.a3 a5 35.Ke3 Ng7 36.Kd2 Ne8
37.Bd3 Nd6 38.h5 Re8 39.Rxe8 Nxe8 40.hxg6+ hxg6 41.b4 axb4 42.axb4 Nd6 43.Ke3 g5
44.g4 Nc8 45.Bf5 Nb6 46.Bd3 Na4 47.Kd2 Ke7 48.Bc2 Nb6 49.Bd3 Nc8 50.Ke3 Nd6
51.f4 gxf4+ 52.Kxf4 Nc8 53.Ke3 Nb6 54.Bc2 Kf7 55.Bf5 Kg7 56.Kf4 Kf8 57.Ke3 Kf7
58.Ke2 Kg8 59.Kf3 Kg7 60.Ke3 Kf7 61.Kd3 Ke7 62.Ke3 Nc4+ 63.Kf4 Ke8 64.Bg6+ Kd7
65.Bf5+ Ke7 66.Bd3 Nb2 67.Ke3 Na4 68.Kd2 Nb6 69.Ke3 Nc8 70.Bf5 Nd6 71.Kf4 Nc4
72.Bd3 Nb2 73.Ke3 Kf8 74.Bf5 Ke8 75.Bg6+ Kd8 76.Bf5 Nd1+ 77.Kd2 Nf2 78.Ke3 Nh3
79.Kf3 Ng5+ 80.Kf4 Ke7 81.Ke3 Nf7 82.Kf4 Nd6 83.Bd3 Nc8 84.Bf5 Nb6 85.Ke3 Na8
86.Kf4 Nc7 87.Ke3 Ne8 88.Kf4 Nd6 89.Bd3  1/2-1/2